Emergence of Saudi Arabia : (Record no. 65458)
[ view plain ]
| 000 -LEADER | |
|---|---|
| fixed length control field | 00852nam a2200253 a 4500 |
| 001 - CONTROL NUMBER | |
| control field | 65458 |
| 003 - CONTROL NUMBER IDENTIFIER | |
| rucl marc code | BD-RjUL |
| 005 - DATE AND TIME OF LATEST TRANSACTION | |
| control field | 20211209081428.0 |
| 008 - FIXED-LENGTH DATA ELEMENTS--GENERAL INFORMATION | |
| fixed length control field | 170306r19851977ii abf b 001 0 eng |
| 035 ## - SYSTEM CONTROL NUMBER | |
| System control number | (BD-RjUL)65588 |
| 040 ## - CATALOGING SOURCE | |
| Original cataloging agency | DLC |
| Transcribing agency | DLC |
| Modifying agency | BD-RjUL |
| Language of cataloging | eng |
| 041 ## - LANGUAGE CODE | |
| Language code of text/sound track or separate title | eng |
| 082 00 - DEWEY DECIMAL CLASSIFICATION NUMBER | |
| Classification number | 953.804 |
| Edition number | 23 |
| Author mark and year | IQE 1985 |
| 100 1# - MAIN ENTRY--PERSONAL NAME | |
| Personal name | Iqbal, Sheikh Mohammad, |
| Dates associated with a name | 1928- |
| 9 (RLIN) | 193718 |
| 245 10 - TITLE STATEMENT | |
| Title | Emergence of Saudi Arabia : |
| Remainder of title | a political study of King Abd al-Aziz ibn Saud, 1901-1953 / |
| Statement of responsibility, etc. | Sheikh Mohammad Iqbal. |
| 250 ## - EDITION STATEMENT | |
| Edition statement | 1st ed. |
| 260 ## - PUBLICATION, DISTRIBUTION, ETC. (IMPRINT) | |
| Place of publication, distribution, etc. | Delhi : |
| Name of publisher, distributor, etc. | available at Idarah-i Adabiyat-i Delli, |
| Date of publication, distribution, etc. | 1977 [ reprinted 1985]. |
| 300 ## - PHYSICAL DESCRIPTION | |
| Pagination | xix, 276 p. : |
| Illustrations | ill. ; |
| Size | 22 cm. |
| 500 ## - GENERAL NOTE | |
| General note | Includes index. |
| 600 00 - SUBJECT ADDED ENTRY--PERSONAL NAME | |
| Personal name | Ibn Saʻūd, |
| Titles and other words associated with a name | King of Saudi Arabia, |
| Dates associated with a name | 1880-1953 |
| 651 #0 - SUBJECT ADDED ENTRY--GEOGRAPHIC NAME | |
| Geographic name | Saudi Arabia |
| General subdivision | History. |
| 9 (RLIN) | 190762 |
| 942 ## - ADDED ENTRY ELEMENTS (KOHA) | |
| Source of classification or shelving scheme | Dewey Decimal Classification |
| Koha item type | Books |
| Lost status | Source of classification or shelving scheme | Damaged status | Not for loan | Collection code | Permanent Location | Current Location | Shelving location | Date acquired | Source of acquisition | Cost, normal purchase price | Total Checkouts | Full call number | Date last seen | Copy number | Koha item type |
|---|---|---|---|---|---|---|---|---|---|---|---|---|---|---|---|
| Dewey Decimal Classification | Not For Loan | Non-fiction | Central Library, University of Rajshahi | Central Library, University of Rajshahi | Reading Room | 24/06/1997 | Dhaka provincial book dept. | 60.00 | 953.804 IQE 1985 | 06/03/2017 | C-1 | Books |